MDQL
is popping MORE tags! Check the
thread
!
Quizzes
Events
Quiz Creation
Community
Videos
Private Events
Remove Ads
Sign In
Join for FREE
Feedback
Dark Mode
Quiz Categories
Sports
Geography
Music
Movies
Television
Just For Fun
Miscellaneous
History
Literature
Language
Science
Gaming
Entertainment
Religion
Holiday
For Kids
Quiz Lab
Recent
Popular Today
Quiz Kudos Today
Editor Picks
Curator Picks
Quizzes by...
Day
Popularity
Type
Ratings
Length
Year
Community
Subscriptions
Recent Discussions
Orange Saloon
Badges
Playlists
Quests
Create
Leaderboards
Showdown
Live 5
Trivia Bingo
Activity
Puzzle Library
Sporcle Events
Private Events
Virtual Trivia
Globe League
Become a Host
Pub Owners
SporcleCon
Opinionation
Our Games
Videos
Blog
Mobile Apps
Partnerships
Remove Ads and Go Orange
Feedback
Sports
Athletes
MLB
NBA
NHL
NFL
Soccer
Sports Teams
WWE
NCAA
Football
Premier League
Basketball
Baseball
Hockey
Golf
Tennis
Cricket
Rugby
Auto Racing
Olympics
World Cup
Sports
Athletes
MLB
NBA
NHL
NFL
Soccer
Sports Teams
WWE
NCAA
Football
Premier League
Basketball
Baseball
Hockey
Golf
Tennis
Cricket
Rugby
Auto Racing
Olympics
World Cup
Random Quiz
Search Sporcle
×
Quiz Lab
Quiz Lab
Sports
NFL
Type in answers that appear in a list
Type in answers that appear in a list
Classic
Best Score? Go Orange.
Teammates with 90+ Receptions Stats
Can you name the Teammates with 90+ Receptions in a season?
By
ShabamShabam
5m
28 Questions
398 Plays
398 Plays
398 Plays
Comments
Comments
Give Quiz Kudos
Give Quiz Kudos
-
- Ratings
hide this ad
More Info
Replay
Link that replays current quiz
Next Quiz
Link to next quiz in quiz playlist
You Got
0%
They Got
Avg Score
54%
Avg Friend Score
Upgrade to see
Score Distribution
Jump to the score distribution portion of the page
Score
0/28
Timer
05:00
0
Plays Today
Team/Year
Player
% Correct
Indianapolis Colts/
2009
Reggie Wayne
90.7%
New England Patriots/
2007
Wes Welker
89.2%
New England Patriots/
2007
Randy Moss
87.2%
New England Patriots/
2011
Wes Welker
86.6%
Arizona Cardinals/
2005
Larry Fitzgerald
85.4%
Cincinnati Bengals/
2007
Chad Ochocinco
80.7%
Arizona Cardinals/
2005
Anquan Boldin
75.6%
Denver Broncos/
2000
Rod Smith
71.9%
Jacksonville Jaguars/
2001
Jimmy Smith
71.9%
Jacksonville Jaguars/
2000
Jimmy Smith
71.9%
Indianapolis Colts/
2009
Dallas Clark
70.1%
Oakland Raiders/
2002
Jerry Rice
66.8%
New England Patriots/
2011
Rob Gronkowski
64.6%
Denver Broncos/
2008
Brandon Marshall
64.1%
Team/Year
Player
% Correct
Cincinnati Bengals/
2007
T.J. Houshmandzadeh
62.1%
Detroit Lions/
1995
Herman Moore
56.5%
Detroit Lions/
1996
Herman Moore
56.5%
Buffalo Bills/
2002
Eric Moulds
46.7%
Jacksonville Jaguars/
2001
Keenan McCardell
44%
Jacksonville Jaguars/
2000
Keenan McCardell
44%
Denver Broncos/
2000
Ed McCaffrey
35.9%
Denver Broncos/
2008
Eddie Royal
30.4%
Buffalo Bills/
2002
Peerless Price
27.9%
Detroit Lions/
1995
Brett Perriman
25.1%
Detroit Lions/
1996
Brett Perriman
25.1%
Houston Oilers/
1991
Haywood Jeffires
20.9%
Houston Oilers/
1991
Drew Hill
15.8%
Oakland Raiders/
2002
Charlie Garner
15.3%
Quiz Playlist
Details
Report
Send in Message
Add To Playlist
More Info:
Hint is number of receptions.
Classic:
Type in answers that appear in a list
Quiz Source
Last Updated: Feb 16, 2017
Quiz Scoreboard
CHALLENGE
Sign Up to Join the Scoreboard
Show All
Scores
Hide
Comments
May contain spoilers
Recently Published
Street Fighter Characters
by Artimus82
Gaming
60s
9x9 Crossword: Cartoon Network
by jackfrog10
Miscellaneous
3m
College Basketball Coaching Resumes
by pancakes188
Sports
9m
More to Explore
Quiz From the Vault
Featured Blog Post
Where Did the Easter Bunny Come From?
hide this ad
You Might Also Like...
Tags
NFL Quiz
Receiver
Receiving
Receiving Leaders
reception
Reception Leaders
season
Today's Top Quizzes in Sports
Browse Sports
hide this ad
Today's Top Quizzes in NFL
Browse NFL
Top Contributed Quizzes in Sports
1
2022 World Cup Stars
2
Les meilleurs buteurs des matchs entre le PSG et l’OM
3
FIFA Club World Cup Champions
4
Les entraîneurs de l'OM et du PSG au 21e siècle
5
Criteria MLB: Left Handed Sluggers
6
2023 MLB Unique Player Accomplishments
7
AFC Teams Reveal (Wrong Answers Minefield)
8
5-to-1: FBS Animal Nicknames
9
Players with Multiple 50 Home Run Seasons
10
5-to-1: UK Sports Teams
Explore More
Trending Topics
NBA
Marvel
Anime
Crossword
Kpop
Harry Potter
Disney
NFL
Country
Soccer
The Office
Puzzle
Pokémon
WWE
Song
hide this ad
More By:
ShabamShabam
Quiz
Plays
Rating
Category
Featured
Created
Cartoons Grab Bag
139,452
4.40
Television
Dec 27, 2010
Sports Leagues By Initials
90,180
4.48
Sports
Oct 10, 2010
Big 4 Consecutive Championship Losers
88,385
4.50
Sports
Sep 25, 2010
MLB Single Season Hits Leaders
45,897
4.68
Sports
Jun 18, 2011
Advertising Slogans in Other Words
23,383
3.90
Entertainment
Feb 27, 2011
Go to Creator's Profile
Score Distribution
Quiz Creator Spotlight
ShabamShabam
Follow
Send a Message
Quizzes Created
-
Created Quiz Play Count
-
More By This Creator
Popular Quizzes Today
1
Find the US States - No Outlines Minefield
2
Find the Countries of Europe - No Outlines Minefield
3
The Countries of the World
4
Find the US States
5
Risky Map Clicking: Biggest States A-Z
6
US States
7
Popular People in 1961
8
Movies - When Are They Set?
More Sports Quizzes
England vs Scotland Last 5 XI's
Quiz Lab
Trending Quizzes
Risky Map Clicking: Least Populous States A-Z
Countries of the World: 200 Million BC
Billboard Blitz: Aretha Franklin
1-10 Letter G Words
Famous Russians: Author or Composer?
Recently Updated
Leaping Animals
pecheneg
Reality TV Shows (A-Z)
bhenderson79
Rickey Henderson's Hall of Fame Teammates
pecheneg
Champions League XIs: Arsenal
pecheneg
Quick Pick: Celebrities in WWE's Hall of Fame
aduchscher
A-Z Keypad Blitz II
pecheneg
Multiple Oscar Actors
pecheneg
Mystery Phrase Blitz: Oscar 'Best Actors'
pecheneg
F. Scott Fitzgerald Novels
LTH
Pick 3 Villains
ddd62291
Trending Topics
Anime
Disney
Harry Potter
NBA
Crossword
Kpop
Marvel
Puzzle
Pokémon
WWE
Song
NFL
Country
Soccer
The Office
Your Account Isn't Verified!
In order to create a playlist on Sporcle, you need to verify the email address you used during registration. Go to your
Sporcle Settings
to finish the process.
Report this User
Report this user for behavior that violates our
Community Guidelines
.
Details:
Send Report
Go to the Sporcle.com Mobile Site →
Comments